| 000 | 00930nam a22002417a 4500 | ||
|---|---|---|---|
| 999 |
_c8831 _d8831 |
||
| 001 | 8831 | ||
| 003 | BD-JhCC | ||
| 005 | 20190710134007.0 | ||
| 008 | 180304b1983 bg ||||| |||| 00| 0 ben d | ||
| 035 | _a(BD-JhCC)8831 | ||
| 040 |
_aBD-JhCC _dBD-JhCC |
||
| 041 | _aben | ||
| 082 |
_a530 _bTAP 1983 |
||
| 100 | _aতপন, ডক্টর শাহজাহান | ||
| 245 |
_aউচ্চ মাধ্যমিক পদার্থবিজ্ঞান / _cডক্টর শাহজাহান তপন, মুহম্মদ আজিজ হাসান এবং ডক্টর রানা চৌধুরী |
||
| 260 |
_aঢাকা: _bহাসান বুক হাউস _c1983. |
||
| 300 |
_a966 p. : _c22 cm. |
||
| 650 | _aPhysics | ||
| 700 | _aহাসান, মুহম্মদ আজিজ | ||
| 700 | _aচৌধুরী, ডক্টর রানা | ||
| 942 |
_2ddc _cBK _01 |
||